Urban Areas of Alsace Quiz Stats

 Plays Quiz not verified by Sporcle

Also try: Countries: After C
Challenge
Share
Tweet
Embed
Score 0/13 Timer 04:00
0 Plays Today
Population Area % Correct
641,853Strasbourg
99.2%
121,756Colmar
94.5%
279,863Mulhouse
92.1%
19,303Sélestat
66.9%
64,691Haguenau
61.4%
90,450Bâle-Saint-Louis
59.1%
17,590Saverne
48.8%
8,455Wissembourg
48%
32,036Thann-Cernay
39.4%
11,739Molsheim
37.8%
12,358Obernai
36.2%
32,036Guebwiller
28.3%
13,456Niederbronn-les-Bains
7.1%

You're not logged in!

Compare scores with friends on all Sporcle quizzes.
Join for Free
OR
Log In

You Might Also Like...

Show Comments

Extras

Top Quizzes Today


Score Distribution

Your Account Isn't Verified!

In order to create a playlist on Sporcle, you need to verify the email address you used during registration. Go to your Sporcle Settings to finish the process.

Report this User

Report this user for behavior that violates our Community Guidelines.

Details: